01243nab a2200205 i 4500001000400000003000400004005001700008008003900025040000800064080001200072100012300084245017900207260001000386500002100396520024600417650003700663650004400700773016600744700012700910BPPBPK20160604115517.0160112s1974 pl | | |000 ||pol cBPK a796.012 aWIELGUS, Czesław.d1972 - 1981.bWyższa Szkoła Inżynierska w Koszalinie - Studium Wychowania Fizycznego i Sportu aWyniki badań stanu rozwoju fizycznego studentów Wydziału Budownictwa Lądowego Wyższej Szkoły Inżynierskiej w Koszalinie /cCzesław Wielgus, Leszek Wojciechowski. c1974. aDane z autopsji. aCelem niniejszej pracy jest przedstawienie rozwoju fizycznego młodzieży rozpoczynającej studia na Wydziale Budownictwa Lądowego w oparciu o pomiary: wagi, wzrostu, obwodu klatki piersiowej przy wydechu i wdechu, obwodu ramienia i uda. 0aMłodzież - rozwój fizyczny. 0aWychowanie fizyczne - szkoły wyższe. iW :tZeszyty Naukowe Wyższej Szkoły Inżynierskiej w Koszalinie. Prace Studiów Wychowania Fizycznego i Sportu Uczelni Technicznych. -g1974, nr 2, s. 79-83 aWOJCIECHOWSKI, Leszek.d1968 - 1996.bWyższa Szkoła Inżynierska w Koszalinie - Studium Wychowania Fizycznego i Sportu